trend (Record no. 6401)

MARC details
000 -LEADER
fixed length control field 00431nas a22001817i 4500
001 - CONTROL NUMBER
control field 7520
003 - CONTROL NUMBER IDENTIFIER
control field OSt
005 - DATE AND TIME OF LATEST TRANSACTION
control field 20170126082401.0
007 - PHYSICAL DESCRIPTION FIXED FIELD--GENERAL INFORMATION
fixed length control field tu
008 - FIXED-LENGTH DATA ELEMENTS--GENERAL INFORMATION
fixed length control field 161220s2010 xxu||||| |||| 00| 0 d
024 7# - OTHER STANDARD IDENTIFIER
Standard number or code 7520
Source of number or code RID
040 ## - CATALOGING SOURCE
Transcribing agency OSt
245 00 - TITLE STATEMENT
Title trend
Remainder of title Zyzdennik o ekonomike a podnikani
260 ## - PUBLICATION, DISTRIBUTION, ETC.
Place of publication, distribution, etc. Bratislava,
Date of publication, distribution, etc. 2010.
651 ## - SUBJECT ADDED ENTRY--GEOGRAPHIC NAME
Geographic name Slovakia
856 ## - ELECTRONIC LOCATION AND ACCESS
Uniform Resource Identifier <a href="http://www.etrend.sk">http://www.etrend.sk</a>
866 #0 - TEXTUAL HOLDINGS--BASIC BIBLIOGRAPHIC UNIT
-- vorheriger und laufender Jahrgang - 2010
942 ## - ADDED ENTRY ELEMENTS (KOHA)
Koha item type Journal
Holdings
Withdrawn status Lost status Damaged status Not for loan Home library Current library Shelving location Date acquired Serial Enumeration / chronology Inventory number Total Checkouts Barcode Date last seen Price effective from Koha item type
        WIIW WIIW Library 03/29/2011 2011/12 7520   10004150 01/26/2017 01/26/2017 Journal
        WIIW WIIW Library 04/11/2011 2011/13 7520   10004160 01/26/2017 01/26/2017 Journal
        WIIW WIIW Library 04/13/2011 2011/14 7520   10004163 01/26/2017 01/26/2017 Journal
        WIIW WIIW Library 04/18/2011 2011/15 7520   10004166 01/26/2017 01/26/2017 Journal
        WIIW WIIW Library 05/10/2011 2011/18 7520   10004180 01/26/2017 01/26/2017 Journal
        WIIW WIIW Library 05/16/2011 2011/19 7520   10004186 01/26/2017 01/26/2017 Journal
        WIIW WIIW Library 05/23/2011 2011/20 7520   10004190 01/26/2017 01/26/2017 Journal
The Vienna Instiute for International Economic Studies (wiiw)